000 01197nam a2200313Ia 4500
999 _c5431
_d5431
003 OSt
005 20200528160726.0
008 191128s1980 sp ad gr 000 0 spa d
020 _a139066446
040 _aCO-JMCR
_cCO-JMCR
041 1 _aspa
_heng
082 0 4 _a330.1 /
_bB348t
_223
100 1 _aBaumol, William J.,
_eautor
_94823
245 1 0 _aTeoría económica y análisis de operaciones /
_cWilliam J. Baumol ; traducción de Alfredo Roa
260 _aEspaña :
_bDossat : Prentice-Hall,
_c1980
300 _axxi, 701 páginas :
_bgráficos a blanco y negro ;
_c24 cm.
500 _aIncluye índice páginas 685-701
500 _aBibliográfia al final de cada capítul
504 _ao.
505 _aInstrumentos analíticos de optimización – Teoría de la demanda y de la producción -- Empresas, juegos y decisiones -- Equilibrio general: bienestar y distribución
534 _pEconomic theory and operations analysis
546 _aTraducido del inglés
650 1 4 _aTeoría económica
_94824
650 2 4 _a Investigación operacional
_91721
650 2 4 _aAnálisis económico
_91810
651 _2
700 1 _aRoa, Alfredo,
_etraductor
_94825
942 _2ddc
_cBK